00422nam a2200145 a 4500008004100000050001400041100002200055245007300077250001200150260004100162350000900203650001500212650002500227650002400252120416s1976 ||||||||||||||||| || u aHD 31 Glu aGlueck, William F10aBusiness policy: strategy formation and management action. (2nd ed.) a2nd ed. aTokyo:bMacGraw-Hill Kogahushac1976 a0.00 0aMANAGEMENT aSTRATEGIC MANAGEMENT aBUSINESS MANAGEMENT